[Event "Krakow Malopolski-chB"]
[Site "Krakow"]
[Date "2011.??.??"]
[Round "8"]
[White "Jedrzejowski, Mariusz"]
[Black "Klementys, Jerzy"]
[Result "1/2-1/2"]
[WhiteElo "1720"]
[BlackElo "1794"]
[PlyCount "45"]
[EventDate "2011.05.01"]
[EventType "swiss"]
[EventRounds "9"]
[EventCountry "POL"]
[SourceTitle "EXT 2013"]
[Source "ChessBase"]
[SourceDate "2012.11.22"]
[SourceVersion "1"]
[SourceVersionDate "2012.11.22"]
[SourceQuality "1"]

1. Nf3 Nf6 2. c4 g6 3. g3 Bg7 4. Bg2 0-0 5. Nc3 c5 6. 0-0 Nc6 7. a3 d5 8. cxd5 Nxd5 9. Nxd5 Qxd5 10. d3 b6 11. Qc2 Bb7 12. Be3 Rac8 13. Nh4 Qd7 14. Rac1 e5 15. Qd2 Nd4 16. Bxb7 Qxb7 17. Rb1 f5 18. Ng2 c4 19. Bxd4 exd4 20. dxc4 Rxc4 21. Rbc1 Rxc1 22. Rxc1 Re8 23. Rc2 1/2-1/2

[Event "Krakow-B"]
[Site "Krakow"]
[Date "2010.07.01"]
[Round "9"]
[White "Jedrzejowski, Mariusz"]
[Black "Lankof, Piotr"]
[Result "1-0"]
[WhiteElo "1800"]
[BlackElo "1455"]
[PlyCount "77"]
[EventDate "2010.06.25"]
[EventType "tourn"]
[EventRounds "9"]
[EventCountry "POL"]
[SourceTitle "EXT 2023"]
[Source "ChessBase"]
[SourceDate "2022.10.05"]
[SourceVersion "1"]
[SourceVersionDate "2022.10.05"]
[SourceQuality "1"]

1. d4 Nf6 2. Nf3 b6 3. g3 Bb7 4. Bg2 e6 5. c4 Bb4+ 6. Bd2 Bxd2+ 7. Qxd2 d5 8. cxd5 Bxd5 9. Nc3 Bb7 10. 0-0 Nbd7 11. Rad1 0-0 12. Rfe1 c5 13. e4 cxd4 14. Nxd4 e5 15. Nf5 g6 16. Nd6 Bc6 17. b4 a6 18. a4 Rb8 19. b5 axb5 20. axb5 Ba8 21. Na4 Nc5 22. Qb4 Nxa4 23. Qxa4 Qe7 24. Nc4 Rfd8 25. Rxd8+ Qxd8 26. Nxe5 Qd2 27. Rd1 Qb2 28. Nc6 Re8 29. f3 Qc3 30. Qd4 Qc2 31. Nb4 Qc5 32. Qxc5 bxc5 33. Na6 Rc8 34. Rc1 Nd7 35. Kf2 Bb7 36. Ke3 Bxa6 37. bxa6 Ra8 38. Bf1 Nb6 39. Rxc5 1-0

[Event "Krakow-B"]
[Site "Krakow"]
[Date "2010.06.26"]
[Round "3"]
[White "Jedrzejowski, Mariusz"]
[Black "Wojdynski, Jakub"]
[Result "0-1"]
[WhiteElo "1800"]
[BlackElo "1800"]
[PlyCount "94"]
[EventDate "2010.06.25"]
[EventType "tourn"]
[EventRounds "9"]
[EventCountry "POL"]
[SourceTitle "EXT 2023"]
[Source "ChessBase"]
[SourceDate "2022.10.05"]
[SourceVersion "1"]
[SourceVersionDate "2022.10.05"]
[SourceQuality "1"]

1. d4 Nf6 2. c4 c5 3. e3 g6 4. Nc3 Bg7 5. Nf3 0-0 6. Bd3 d6 7. h3 Nbd7 8. 0-0 Re8 9. d5 e5 10. e4 Nh5 11. g3 Rf8 12. Nh2 Nb6 13. Kg2 Qe8 14. Nb5 Qd7 15. Qg4 Qd8 16. Qe2 a6 17. Nc3 Qe8 18. g4 Nf4+ 19. Bxf4 exf4 20. Rae1 Nd7 21. Nf3 Ne5 22. Bb1 Nxf3 23. Qxf3 Be5 24. Rg1 Qe7 25. Ne2 Qg5 26. Kf1 f6 27. b3 Kf7 28. Nc1 Ke7 29. Nd3 Bd7 30. Nxe5 fxe5 31. Ke2 Rab8 32. Bd3 b5 33. Rc1 b4 34. Kd2 a5 35. Bc2 a4 36. Ra1 Ra8 37. Qh1 Qh4 38. Qg2 Ra7 39. f3 Rfa8 40. Ke2 axb3 41. Bxb3 Ba4 42. Qh1 g5 43. Rgf1 Rh8 44. Rg1 Kf6 45. Qg2 Rha8 46. Qh1 Bxb3 47. axb3 Ra2+ 0-1